Stedman. Diccionario de ciencias médicas. (Registro nro. 768)
[ vista simple ]
| 000 -LEADER | |
|---|---|
| fixed length control field | 00970 am a2200289 a 4500 |
| 005 - FECHA ULTIMA MODIFICACION | |
| control field | 20240627102613.0 |
| 008 - CAMPO DE CONTROL (LIBRO) | |
| fixed length control field | 100706s1997||||ag a g |||| 000 0 spa d |
| 020 ## - INTERNATIONAL STANDARD BOOK NUMBER | |
| ISBN | 9500619865 |
| 041 ## - CODIGO DE IDIOMA | |
| Código de idioma del texto/pista de sonido o título separado | spa |
| 092 ## - SIGNATURA TOPOGRAFICA DEWEY LOCAL | |
| número de clasificación | 610.3 |
| libristica | 81 |
| sección | STE |
| 245 ## - TITULO PROPIAMENTE DICHO | |
| Título | Stedman. Diccionario de ciencias médicas. |
| Subtítulo y Título paralelo | Ilustrado / |
| Mención de responsabilidad y remanente de la transcripción de la portada | William K. Beatty |
| 250 ## - MENCION DE EDICION | |
| Mención de edición | 25a ed. 3a reimp. |
| 260 ## - PIE DE IMPRENTA | |
| Lugar de publicación, distribución, etc | Buenos Aires: |
| Nombre de la editorial, distribuidor, etc | Editorial Médica Panamericana; |
| Fecha de publicación | 1997. |
| 300 ## - DESCRIPCION FISICA | |
| Extension | 1528 p. |
| 500 ## - NOTA GENERAL | |
| Nota general | Beatty, W. K. et al. (1997). Stedman. Diccionario de ciencias médicas. Ilustrado. (25a ed.). Buenos Aires : Editorial Médica Panamericana. |
| 653 ## - TÉRMINO INDIZADO - PALABRAS CLAVES | |
| Palabra clave | Diccionario |
| 700 1# - ENTRADAS SECUNDARIAS - NOMBRE PERSONAL | |
| Nombre personal | Beatty, William K. |
| 9 (RLIN) | 1071 |
| 700 1# - ENTRADAS SECUNDARIAS - NOMBRE PERSONAL | |
| Nombre personal | Borysewicz, Mary L. |
| Función | Col. |
| 9 (RLIN) | 1774 |
| 700 1# - ENTRADAS SECUNDARIAS - NOMBRE PERSONAL | |
| Nombre personal | Doh, Show-Hong |
| Función | Col. |
| 9 (RLIN) | 1775 |
| 700 1# - ENTRADAS SECUNDARIAS - NOMBRE PERSONAL | |
| Nombre personal | Koch, Thomas R. |
| Función | Col. |
| 9 (RLIN) | 1776 |
| 700 1# - ENTRADAS SECUNDARIAS - NOMBRE PERSONAL | |
| Nombre personal | Schaffner, David L. |
| Función | Col. |
| 9 (RLIN) | 1777 |
| 700 1# - ENTRADAS SECUNDARIAS - NOMBRE PERSONAL | |
| Nombre personal | Sequeiros, Jorge |
| Función | Col. |
| 9 (RLIN) | 1778 |
| 930 ## - NUMERO DE INVENTARIO | |
| Número de inventario | 181 |
| 930 ## - NUMERO DE INVENTARIO | |
| Número de inventario | 182 |
| 930 ## - NUMERO DE INVENTARIO | |
| Número de inventario | 183 |
| 942 ## - ADDED ENTRY ELEMENTS (KOHA) | |
| Source of classification or shelving scheme | Dewey Decimal Classification |
| Item type | Libros |
| Estado de retiro | Existencia | Fuente de clasificación | Estado general | No para prestamo | Colección | Ubicación permanente | ubicación actual | Sala de ubicación | Fecha de adquisición | Total Checkouts | Número de clasificación | Código de barras | Date last seen | Date last borrowed | Número de ejemplar | Price effective from | Koha tipo de elemento (item) | Public note | Coded location qualifier | Uso restringido | Total Renewals |
|---|---|---|---|---|---|---|---|---|---|---|---|---|---|---|---|---|---|---|---|---|---|
| Dewey Decimal Classification | Reference | Biblioteca Medicina | Biblioteca Medicina | Referencia | 13/05/2011 | 1 | 610.3 81 STE | 181 | 06/11/2014 | 04/07/2013 | ej.1 | 08/09/2011 | Reference | LIBRO DE CONSULTA. Hemeroteca 2022 | |||||||
| Dewey Decimal Classification | Biblioteca Medicina | Biblioteca Medicina | Circulación | 13/05/2011 | 9 | 610.3 81 STE | 182 | 09/09/2015 | 08/09/2015 | ej.2 | 13/05/2011 | Libros | Hemeroteca 2022 | ||||||||
| Dewey Decimal Classification | Biblioteca Medicina | Biblioteca Medicina | Circulación | 13/05/2011 | 9 | 610.3 81 STE | 183 | 09/06/2022 | 07/09/2015 | ej.3 | 13/05/2011 | Libros | Hemeroteca 2022 | ||||||||
| Dewey Decimal Classification | Not For Loan | Biblioteca Medicina | Biblioteca Medicina | Staff Office | 14/05/2012 | 1 | 610.3 81 STE | 184 | 18/06/2019 | 14/05/2012 | ej.4 | 14/05/2012 | Libros | RETIRADO EL 11/6/2007, NO DEVUELTO AL 30/7/2012. BAJA | Restricted Access | 1 |